[Event "Mumbai Wealth op 3rd"]
[Site "Mumbai"]
[Date "2018.01.06"]
[Round "8"]
[White "Vrandesh, Parekh"]
[Black "Manush, Shah"]
[Result "0-1"]
[WhiteElo "1798"]
[BlackElo "2148"]
[PlyCount "98"]
[EventDate "2017.12.30"]
[EventType "swiss"]
[EventRounds "9"]
[EventCountry "IND"]
[SourceTitle "CBM 182 Extra"]
[Source "ChessBase"]
[SourceDate "2018.02.23"]
[SourceVersion "1"]
[SourceVersionDate "2018.02.23"]
[SourceQuality "1"]

1. e4 c6 2. d4 d5 3. Nd2 dxe4 4. Nxe4 Bf5 5. Ng3 Bg6 6. h4 h6 7. Nf3 Nf6 8. h5 Bh7 9. Bd3 Bxd3 10. Qxd3 e6 11. Bd2 c5 12. 0-0-0 Nc6 13. Bc3 Qd5 14. Kb1 Be7 15. dxc5 Qxd3 16. Rxd3 Bxc5 17. Bxf6 gxf6 18. Ne4 Be7 19. Rhd1 Rd8 20. Rxd8+ Nxd8 21. c4 Rg8 22. g3 f5 23. Nc3 Bc5 24. Rd2 Nc6 25. a3 Rg4 26. Rc2 Rxc4 27. b3 Rg4 28. Nd5 Be7 29. Ne3 Re4 30. Nd2 Rd4 31. b4 f4 32. gxf4 Rxf4 33. Nb3 Rh4 34. b5 Nd8 35. a4 Rxa4 36. Rc4 Rxc4 37. Nxc4 f6 38. Kc2 Kd7 39. Kd3 Nf7 40. Nca5 Ne5+ 41. Kd4 b6 42. Nc4 Bc5+ 43. Nxc5+ bxc5+ 44. Kxc5 Nxc4 45. Kxc4 Kd6 46. f4 e5 47. f5 e4 48. Kd4 e3 49. Kxe3 Ke5 0-1

[Event "Mumbai Wealth op 3rd"]
[Site "Mumbai"]
[Date "2018.01.05"]
[Round "7"]
[White "Vrandesh, Parekh"]
[Black "Doshi, Moksh Amitbhai"]
[Result "1/2-1/2"]
[WhiteElo "1798"]
[BlackElo "2337"]
[PlyCount "91"]
[EventDate "2017.12.30"]
[EventType "swiss"]
[EventRounds "9"]
[EventCountry "IND"]
[SourceTitle "CBM 182 Extra"]
[Source "ChessBase"]
[SourceDate "2018.02.23"]
[SourceVersion "1"]
[SourceVersionDate "2018.02.23"]
[SourceQuality "1"]

1. e4 c5 2. Nf3 d6 3. Bb5+ Nc6 4. Bxc6+ bxc6 5. h3 e5 6. 0-0 Ne7 7. c3 Ng6 8. d4 cxd4 9. cxd4 f6 10. Nc3 Be7 11. Qb3 Qb6 12. Qxb6 axb6 13. Be3 Ra6 14. d5 c5 15. Nb5 Kf7 16. Nd2 Bd7 17. a4 Rxa4 18. Rxa4 Bxb5 19. Ra7 Bxf1 20. Kxf1 b5 21. b4 cxb4 22. Rb7 Ra8 23. Rxb5 Ra4 24. g3 Nf8 25. Rb7 g6 26. Bb6 Ke8 27. Rb8+ Kd7 28. Rb7+ Ke8 29. Rb8+ Kf7 30. Rb7 Ra8 31. Be3 Ke8 32. Rxb4 f5 33. f3 Nd7 34. Ke2 Ra2 35. Rb7 Bd8 36. Kd3 f4 37. gxf4 exf4 38. Bd4 Ra3+ 39. Rb3 Ra4 40. Nc4 Bc7 41. Rb7 Kd8 42. Rb3 h5 43. Rb2 Ke8 44. Rb7 Kd8 45. Rb2 Ke7 46. Rb7 1/2-1/2

[Event "Mumbai Wealth op 3rd"]
[Site "Mumbai"]
[Date "2018.01.04"]
[Round "6"]
[White "Lye, Lik Zang"]
[Black "Vrandesh, Parekh"]
[Result "1/2-1/2"]
[WhiteElo "2247"]
[BlackElo "1798"]
[PlyCount "101"]
[EventDate "2017.12.30"]
[EventType "swiss"]
[EventRounds "9"]
[EventCountry "IND"]
[SourceTitle "CBM 182 Extra"]
[Source "ChessBase"]
[SourceDate "2018.02.23"]
[SourceVersion "1"]
[SourceVersionDate "2018.02.23"]
[SourceQuality "1"]

1. d4 Nf6 2. c4 g6 3. Nc3 d5 4. cxd5 Nxd5 5. e4 Nxc3 6. bxc3 Bg7 7. Qa4+ Bd7 8. Qa3 0-0 9. Nf3 b6 10. Bg5 Re8 11. Bc4 c5 12. 0-0 cxd4 13. cxd4 Nc6 14. Rad1 Na5 15. Bd5 Rc8 16. Ne5 Bxe5 17. dxe5 Qc7 18. Bxe7 Qxe5 19. Bb4 Bb5 20. Rfe1 Nc4 21. Qf3 Qg7 22. Bc3 Ne5 23. Bxe5 Rxe5 24. Qa3 Qf6 25. Re3 Qe7 26. Qb2 Bc4 27. Rc1 b5 28. Rf3 Rf8 29. Bxc4 bxc4 30. Rxc4 Rxe4 31. Rxe4 Qxe4 32. Re3 Rd8 33. h3 Rd1+ 34. Kh2 Qf4+ 35. g3 Qd4 36. Qa3 Kg7 37. Rf3 Qd5 38. Qc3+ Kg8 39. a3 h5 40. Qc8+ Kg7 41. Qc3+ Kg8 42. Kg2 Qb5 43. Qc8+ Kg7 44. Qc3+ Kg8 45. Re3 Qd5+ 46. Rf3 Qb5 47. Qc8+ Kg7 48. Qc3+ Kg8 49. Qc8+ Kg7 50. Qc3+ Kg8 51. Qc8+ 1/2-1/2

[Event "IND-ch U13 31st"]
[Site "Jalandhar"]
[Date "2017.06.25"]
[Round "7"]
[White "Vrandesh, Parekh"]
[Black "Rohit, Krishna S"]
[Result "0-1"]
[WhiteElo "1747"]
[BlackElo "2008"]
[PlyCount "98"]
[EventDate "2017.06.21"]
[EventType "swiss"]
[EventRounds "11"]
[EventCountry "IND"]
[SourceTitle "CBM 179 Extra"]
[Source "ChessBase"]
[SourceDate "2017.08.23"]
[SourceVersion "1"]
[SourceVersionDate "2017.08.23"]
[SourceQuality "1"]

1. e4 e5 2. Nf3 Nc6 3. Bb5 Nf6 4. d3 d6 5. d4 exd4 6. Nxd4 Bd7 7. Bxc6 bxc6 8. Nc3 g6 9. 0-0 Bg7 10. Bf4 0-0 11. Qd2 Re8 12. Rfe1 Qb8 13. Nb3 Ng4 14. h3 Ne5 15. Bxe5 Rxe5 16. Rad1 Qb6 17. Na4 Qb5 18. Nc3 Qb7 19. f4 Re7 20. e5 Qb6+ 21. Kh1 dxe5 22. Na4 Qb5 23. Nc3 Qb8 24. fxe5 Qe8 25. Nc5 Bf5 26. g4 Be6 27. b3 a5 28. Re2 Rb8 29. Qe1 Rd8 30. N3e4 Bxe5 31. Nxe6 Rxe6 32. Rxd8 Qxd8 33. Qxa5 Qh4 34. Re3 Bd4 35. Qe1 Qxe1+ 36. Rxe1 f5 37. gxf5 gxf5 38. c3 Bb6 39. b4 fxe4 40. a4 c5 41. a5 Ba7 42. b5 c4 43. Kg2 e3 44. Kf3 Re5 45. Rb1 e2 46. b6 cxb6 47. axb6 e1Q 48. Rxe1 Rxe1 49. bxa7 Ra1 0-1

[Event "IND-ch U11"]
[Site "Odisha"]
[Date "2014.07.29"]
[Round "8"]
[White "Aronyak, Ghosh"]
[Black "Vrandesh, Parekh"]
[Result "1-0"]
[WhiteElo "1800"]
[BlackElo "1458"]
[PlyCount "61"]
[EventDate "2014.07.24"]
[EventType "swiss"]
[EventRounds "11"]
[EventCountry "IND"]
[SourceTitle "CBM 161 Extra"]
[Source "ChessBase"]
[SourceDate "2014.08.29"]
[SourceVersion "1"]
[SourceVersionDate "2014.08.29"]
[SourceQuality "1"]

1. d4 Nf6 2. Bg5 Ne4 3. Bf4 d5 4. f3 Nf6 5. e4 dxe4 6. Nc3 Nd5 7. Nxd5 Qxd5 8. Bxc7 Nc6 9. c3 Bf5 10. g4 Bg6 11. Bg2 h5 12. Qb3 Qd7 13. Bg3 exf3 14. Nxf3 f6 15. g5 Be4 16. Ne5 fxe5 17. Bxe4 exd4 18. Bg6+ Kd8 19. 0-0-0 h4 20. Be5 Kc8 21. Bxd4 Qc7 22. Qe6+ Kb8 23. Be3 h3 24. Rhf1 Qxh2 25. Bf4+ Qxf4+ 26. Rxf4 h2 27. Be4 Kc7 28. Rd7+ Kb6 29. Rxb7+ Ka5 30. b4+ Ka4 31. Qb3# 1-0